[Event "Senta op 22nd"]
[Site "Senta"]
[Date "2018.07.16"]
[Round "4"]
[White "Aleksic, Zvonimir"]
[Black "Demeter, Dorina"]
[Result "0-1"]
[WhiteElo "1890"]
[BlackElo "2116"]
[PlyCount "71"]
[EventDate "2018.07.14"]
[EventType "swiss"]
[EventRounds "9"]
[EventCountry "SRB"]
[SourceTitle "CBM 185 Extra"]
[Source "ChessBase"]
[SourceDate "2018.07.29"]
[SourceVersion "1"]
[SourceVersionDate "2018.07.29"]
[SourceQuality "1"]

1. e4 c5 2. Nc3 Nc6 3. g3 g6 4. Bg2 Bg7 5. d3 d6 6. f4 Rb8 7. Be3 e6 8. Qd2 Nge7 9. Nf3 b5 10. 0-0 b4 11. Nd1 0-0 12. Rb1 Qa5 13. Nf2 d5 14. d4 dxe4 15. Nxe4 cxd4 16. Bxd4 Rd8 17. c3 Nf5 18. Ne5 Ncxd4 19. cxd4 Rxd4 20. Nc6 Rxd2 21. Nxa5 Rxb2 22. Rxb2 Bxb2 23. Rb1 Bd4+ 24. Kh1 Rb5 25. Nc6 Bb7 26. Nxd4 Nxd4 27. Nf6+ Kg7 28. Ne8+ Kf8 29. Nd6 Bxg2+ 30. Kxg2 Rd5 31. Nc4 a5 32. Kf2 Rc5 33. Ne3 Rc3 34. Rb2 Nb5 35. Ke2 Na3 36. Rd2 0-1

[Event "Senta op 22nd"]
[Site "Senta"]
[Date "2018.07.14"]
[Round "1"]
[White "Aleksic, Zvonimir"]
[Black "Pratyusha, Bodda"]
[Result "0-1"]
[WhiteElo "1890"]
[BlackElo "2244"]
[PlyCount "80"]
[EventDate "2018.07.14"]
[EventType "swiss"]
[EventRounds "9"]
[EventCountry "SRB"]
[SourceTitle "CBM 185 Extra"]
[Source "ChessBase"]
[SourceDate "2018.07.29"]
[SourceVersion "1"]
[SourceVersionDate "2018.07.29"]
[SourceQuality "1"]

1. e4 e5 2. Nf3 Nc6 3. Bb5 a6 4. Ba4 Nf6 5. d3 b5 6. Bb3 Bc5 7. 0-0 d6 8. h3 h6 9. c3 0-0 10. Re1 Bb6 11. Nbd2 Ne7 12. Nf1 Ng6 13. a4 Rb8 14. Ng3 Bd7 15. Qe2 Re8 16. Be3 Qc8 17. axb5 axb5 18. Nh2 b4 19. Bc4 c6 20. Nh5 Nxh5 21. Qxh5 Be6 22. Ba6 Qd7 23. Ng4 Bxe3 24. Nxe3 bxc3 25. bxc3 Nf4 26. Qf3 Rb3 27. Rec1 d5 28. Rab1 Rxb1 29. Rxb1 Qa7 30. Ra1 Qb6 31. exd5 cxd5 32. d4 exd4 33. cxd4 Qxd4 34. Rd1 Qf6 35. Ng4 Qg5 36. Kh2 Ra8 37. Bf1 h5 38. Ne3 Ra3 39. Rd4 Ng6 40. Be2 Qe5+ 0-1

[Event "Senta op 19th"]
[Site "Senta"]
[Date "2015.07.13"]
[Round "4"]
[White "Aleksic, Zvonimir"]
[Black "Petrovic, Aleksa"]
[Result "1-0"]
[WhiteElo "1916"]
[BlackElo "1674"]
[PlyCount "61"]
[EventDate "2015.07.11"]
[EventType "swiss"]
[EventRounds "9"]
[EventCountry "SRB"]
[SourceTitle "EXT 2016"]
[Source "ChessBase"]
[SourceDate "2015.10.08"]
[SourceVersion "1"]
[SourceVersionDate "2015.10.08"]
[SourceQuality "1"]

1. e4 e5 2. Nf3 Nf6 3. Nxe5 d6 4. Nf3 Nxe4 5. Bd3 Nf6 6. c3 Be7 7. 0-0 0-0 8. Bc2 c6 9. d4 Bg4 10. Nbd2 Nbd7 11. Re1 Re8 12. Nf1 Bh5 13. Ng3 Bg6 14. Nf5 Bxf5 15. Bxf5 g6 16. Bd3 Qc7 17. h3 Bf8 18. Bf4 Rxe1+ 19. Qxe1 Re8 20. Qd2 Bg7 21. Qc2 Nf8 22. Qb3 Ne6 23. Bh2 Bh6 24. Qa3 c5 25. Qxa7 c4 26. Bf1 Bf4 27. Qa4 Bxh2+ 28. Nxh2 d5 29. Ng4 Nxg4 30. Qxe8+ Nf8 31. hxg4 1-0

[Event "Senta-ch"]
[Site "Senta"]
[Date "2015.01.31"]
[Round "2"]
[White "Aleksic, Zvonimir"]
[Black "Farkas, Tibor"]
[Result "0-1"]
[WhiteElo "1874"]
[BlackElo "2244"]
[PlyCount "84"]
[EventDate "2015.01.30"]
[EventType "swiss"]
[EventRounds "9"]
[EventCountry "SRB"]
[SourceTitle "EXT 2016"]
[Source "ChessBase"]
[SourceDate "2015.10.08"]
[SourceVersion "1"]
[SourceVersionDate "2015.10.08"]
[SourceQuality "1"]

1. e4 c5 2. Nc3 Nc6 3. g3 g6 4. Bg2 Bg7 5. d3 d6 6. Be3 Rb8 7. Qd2 b5 8. f4 b4 9. Nd1 Qb6 10. Ne2 e6 11. 0-0 Nge7 12. c3 bxc3 13. bxc3 Qa5 14. Nf2 0-0 15. Rab1 Ba6 16. g4 d5 17. f5 d4 18. cxd4 Qxd2 19. Bxd2 Nxd4 20. Ng3 exf5 21. exf5 gxf5 22. gxf5 Nexf5 23. Rxb8 Rxb8 24. Nxf5 Nxf5 25. Ne4 Bd4+ 26. Kh1 Bxd3 27. Rc1 Rb2 28. Bc3 Rxg2 29. Kxg2 Bxe4+ 30. Kh3 h5 31. Bxd4 cxd4 32. Re1 Bd5 33. Re5 Bxa2 34. Kg2 Be6 35. Kf2 Kg7 36. Ra5 Kg6 37. Rxa7 Kg5 38. Ra3 Kf4 39. Ke2 Ke4 40. Ra4 h4 41. Ra3 Ne3 42. Ra4 f5 0-1

[Event "Backa Topola-ch"]
[Site "Backa Topola"]
[Date "2012.12.03"]
[Round "7"]
[White "Aleksic, Zvonimir"]
[Black "Holobica, Laszlo"]
[Result "1-0"]
[WhiteElo "1911"]
[BlackElo "1692"]
[PlyCount "81"]
[EventDate "2012.11.19"]
[EventType "swiss"]
[EventRounds "9"]
[EventCountry "SRB"]
[SourceTitle "EXT 2014"]
[Source "ChessBase"]
[SourceDate "2013.11.20"]
[SourceVersion "1"]
[SourceVersionDate "2013.11.20"]
[SourceQuality "1"]

1. e4 d5 2. Nc3 d4 3. Nce2 Bg4 4. d3 h6 5. h3 Bh5 6. Nf3 Nc6 7. Nf4 Bxf3 8. Qxf3 e5 9. Ne2 Nf6 10. a3 Qd7 11. Ng3 Ne7 12. Bd2 0-0-0 13. Be2 a6 14. 0-0 Kb8 15. c3 Nc6 16. Nf5 Qe6 17. c4 g5 18. b4 Rg8 19. b5 Ne7 20. bxa6 Nxf5 21. exf5 Qxa6 22. g4 h5 23. Rfb1 Kc8 24. Rb5 b6 25. a4 Bc5 26. a5 hxg4 27. hxg4 e4 28. dxe4 d3 29. Bxd3 Nxg4 30. Rxc5 bxc5 31. Bc3 f6 32. Bf1 Ne5 33. Bxe5 fxe5 34. Qa3 Qd6 35. a6 Kd7 36. a7 Ke7 37. Rb1 c6 38. Rb7+ Kf6 39. Rh7 Qd4 40. Qh3 Qxe4 41. Qh6+ 1-0

[Event "Battle of Senta op-B 15th"]
[Site "Senta"]
[Date "2011.07.17"]
[Round "3"]
[White "Aleksic, Zvonimir"]
[Black "Bernath, Robert"]
[Result "0-1"]
[WhiteElo "1960"]
[BlackElo "2132"]
[PlyCount "66"]
[EventDate "2011.07.16"]
[EventType "swiss"]
[EventRounds "9"]
[EventCountry "SRB"]
[SourceTitle "EXT 2019"]
[Source "ChessBase"]
[SourceDate "2018.10.10"]
[SourceVersion "1"]
[SourceVersionDate "2018.10.10"]
[SourceQuality "1"]

1. e4 c5 2. Nc3 Nc6 3. g3 g6 4. Bg2 Bg7 5. d3 d6 6. Be3 e6 7. Qd2 Nge7 8. Bh6 0-0 9. h4 Nd4 10. 0-0-0 f6 11. Bxg7 Kxg7 12. h5 g5 13. h6+ Kh8 14. f4 gxf4 15. gxf4 Bd7 16. Nge2 Qa5 17. Kb1 Nec6 18. Nxd4 cxd4 19. Ne2 Qxd2 20. Rxd2 e5 21. Bh3 Bxh3 22. Rxh3 Rg8 23. c3 Rg2 24. Kc2 Rag8 25. fxe5 fxe5 26. cxd4 Rc8 27. Kd1 exd4 28. Nf4 Rg1+ 29. Ke2 Ne5 30. Ne6 Rcc1 31. Nf4 Rce1+ 32. Kf2 Ng4+ 33. Kf3 Re3# 0-1

[Event "Senta January op"]
[Site "Senta"]
[Date "2011.02.13"]
[Round "9"]
[White "Markus, Tibor"]
[Black "Aleksic, Zvonimir"]
[Result "0-1"]
[WhiteElo "1874"]
[BlackElo "1985"]
[PlyCount "110"]
[EventDate "2011.01.21"]
[EventType "swiss"]
[EventRounds "9"]
[EventCountry "SRB"]
[SourceTitle "CBM 140 Extra"]
[Source "ChessBase"]
[SourceDate "2011.03.01"]
[SourceVersion "1"]
[SourceVersionDate "2011.03.01"]
[SourceQuality "1"]

1. e4 e6 2. Nc3 d5 3. exd5 exd5 4. d4 Nf6 5. a3 Bf5 6. h3 Be7 7. Bd3 Bg6 8. Be3 0-0 9. Nge2 Nbd7 10. Nf4 Nb6 11. Bxg6 hxg6 12. 0-0 Nc4 13. Qc1 c6 14. b3 Nd6 15. Nd3 Nf5 16. Ne2 Ne4 17. f3 Neg3 18. Nxg3 Nxg3 19. Re1 Re8 20. Qd2 Bh4 21. Bf2 Qd6 22. Rxe8+ Rxe8 23. Re1 Rxe1+ 24. Qxe1 g5 25. b4 Kf8 26. c3 f6 27. a4 Kf7 28. Bxg3 Bxg3 29. Qe3 b6 30. Kf1 a5 31. Ke2 Bh4 32. f4 gxf4 33. Qxf4 Qe7+ 34. Qe3 Qd7 35. Qf3 Bg5 36. Qh5+ Ke7 37. Qf3 axb4 38. cxb4 Qa7 39. Kf2 Qxa4 40. Qe2+ Kf8 41. Kg3 Qa8 42. Qe6 Qe8 43. Qxe8+ Kxe8 44. Kf3 Bd2 45. Ke2 Bc3 46. Ke3 Ke7 47. h4 f5 48. Ne5 Kd6 49. Kf4 Bxd4 50. Nf3 Bc3 51. b5 cxb5 52. Kxf5 b4 53. Kf4 b3 54. Ke3 b2 55. Nd2 Bxd2+ 0-1